| 000 | 00755nac a22002171u 4500 | ||
|---|---|---|---|
| 010 | _a 99057152 | ||
| 020 | _a0716733978 | ||
| 082 | 0 | 0 |
_a333.7 _bSCH |
| 090 |
_c7222 _d7222 |
||
| 100 | _a20080729 | ||
| 245 | 0 | 4 |
_aThe earth around us : _bmaintaining a livable planet / _cJill S. Schneiderman, editor. |
| 260 |
_aNew York : _bW.H. Freeman,2000 _c2000. |
||
| 300 |
_axx, 455 p. : _bill., maps ; _c25 cm. |
||
| 500 | _adistributer: Al-Ahram | ||
| 504 | _aIncludes bibliographical references (p. 410-442) and index. | ||
| 511 | _acatalogued by: wessam | ||
| 650 | 0 | _aEnvironmental sciences. | |
| 650 | 0 |
_aNature _xEffect of human beings on. |
|
| 700 | 1 | _aSchneiderman, Jill S. | |
| 942 |
_cBB _k333.7SCH |
||
| 999 |
_c7222 _d7222 |
||